Lernende Steuerungen

Enregistré dans:
Détails bibliographiques
Auteur principal: Weller, Wolfgang
Format: Livre
Langue:allemand
Publié: Berlin Technik 1985
Édition:1. Aufl.
Tags: Ajouter un tag
Pas de tags, Soyez le premier à ajouter un tag!

MARC

LEADER 00000nam a2200000 4500
001 c024309
005 20221220081924.9
041 0 |a ger 
044 |a DE 
245 1 0 |a Lernende Steuerungen  |c Wolfgang Weller 
250 |a 1. Aufl. 
264 1 |a Berlin  |b Technik  |c 1985 
300 |a 356 s. 
100 1 |a Weller, Wolfgang